Panstwa czlonkowskie w Wspólnocie Niepodległych Państw - Statystyki

Ogólne statystyki
  • Ten quiz został rozwiązany 13 razy
  • Średni wynik to 11 z 12
Statystyki odpowiedzi
Odpowiedź Lata Czlonkowstwa % Poprawnych
Ukraina 1991-2018
100%
Armenia od 1991
92%
Azerbejdżan od 1991
92%
Białoruś od 1991
92%
Gruzja 1993-2008
92%
Kazachstan od 1991
92%
Rosja od 1991
92%
Tadżykistan od 1991
92%
Turkmenistan od 1991
92%
Kirgistan od 1991
83%
Mołdawia od 1991
83%
Uzbekistan od 1991
83%
Nie znaleziono quizów pasujących do podanych kryteriów
Rozkład punktacji
Procent ludzi z każdym wynikiem
Percentyl według liczby udzielonych odpowiedzi
Twoja historia wyników
Nie rozwiązałeś tego quizu